Statistics for Rabbit Heart Lyrics (Florence + the Machine)

Click here to take the quiz!

General Stats

  • This quiz has been taken 131 times
    (88 since last reset)
  • The average score is 304 of 339

Answer Stats

Lyrics% Correct
a
100%
I
100%
so
100%
The
100%
the
100%
and
98%
he
98%
how
97%
is
97%
be
95%
glass
95%
in
95%
it
95%
look
95%
looking
95%
of
95%
shiny
95%
to
95%
me
94%
new
94%
rabbit
94%
this
94%
up)
94%
up
94%
who
94%
holds
92%
king
92%
(raise
92%
raise
92%
sunlight
92%
gift
90%
offer
90%
quickly
90%
tight
90%
comes
89%
fades
89%
we
89%
gold
87%
knife
87%
Midas
87%
price
87%
see
87%
with
87%
final
85%
hearted
85%
here
85%
made
85%
not
85%
out
85%
that
85%
turns
85%
you
85%
am
84%
but
84%
enough
84%
frozen
84%
girl
84%
glamour
84%
lamb
84%
lion
84%
offering
84%
sacrifice
84%
seems
84%
time
84%
it's
82%
will
82%
start
81%
find
79%
have
79%
must
79%
take
79%
can't
77%
ever
77%
for
77%
slipping
77%
was
77%
around
76%
become
76%
could
76%
deal
76%
face
76%
fight
76%
sky
76%
wrong
76%
now
74%
pill
74%
ready
74%
brave
73%
headlights
73%
my
73%
just
71%
skin
71%
towards
71%
your
69%
changing
68%
make
68%
red
68%
water
68%
away
66%
before
66%
if
66%
I've
66%
only
66%
skyline
66%
spinning
66%
blue
65%
rushing
65%
wish
65%
winds
63%
from
60%
shed
60%
spring
60%
blows
55%
as
50%
started
39%

Score Distribution

Percentile by Number Answered

Percent of People with Each Score

Your Score History

You have not taken this quiz since the last reset